Circuits, signals, and systems for bioengineers : a MATLAB-based introduction /
Approaches such as the Transfer Function and the Fourier and the Laplace transforms are important tools for bioengineers that often considered borrowed from electrical engineering. This text allows bioengineering students and bioengineers the ability to foster a sense of ownership of these tools by...
| Main Author: | |
|---|---|
| Format: | eBook |
| Language: | English |
| Published: |
Amsterdam ; Boston :
Elsevier/Academic Press,
[2005]
|
| Series: | Academic Press series in biomedical engineering.
|
| Subjects: | |
| Online Access: | Connect to the full text of this electronic book Publisher description Table of contents |
MARC
| Tag | First Indicator | Second Indicator | Subfields |
|---|---|---|---|
| LEADER | 00000cam a2200000Ia 4500 | ||
| 001 | in00002425421 | ||
| 006 | m d | ||
| 007 | cr cn||||||||| | ||
| 008 | 070806s2005 ne a sb 001 0 eng d | ||
| 005 | 20260609193541.8 | ||
| 020 | |a 9780120884933 | ||
| 020 | |a 0120884933 | ||
| 035 | |a (OCoLC)162570032 | ||
| 037 | |a 108362:108407 |b Elsevier Science & Technology |n http://www.sciencedirect.com | ||
| 040 | |a OPELS |c OPELS |d UtOrBLW | ||
| 049 | |a TEFA | ||
| 050 | 1 | 4 | |a R856 |b .S453 2005eb |
| 060 | 1 | 4 | |a 2005 E-707 |
| 060 | 1 | 4 | |a QT 36 |b S472c 2005 |
| 070 | 1 | |a R856 |b .S453 2005 | |
| 082 | 0 | 4 | |a 621.38102461 |2 22 |
| 082 | 0 | 4 | |a 610/.28 |2 22 |
| 100 | 1 | |a Semmlow, John L. | |
| 245 | 1 | 0 | |a Circuits, signals, and systems for bioengineers : |b a MATLAB-based introduction / |c John Semmlow. |
| 264 | 1 | |a Amsterdam ; |a Boston : |b Elsevier/Academic Press, |c [2005] | |
| 264 | 4 | |c ©2005 | |
| 300 | |a xiv, 446 pages : |b illustrations + |e 1 CD-ROM (4 3/4 in.). | ||
| 336 | |a text |b txt |2 rdacontent | ||
| 337 | |a computer |b c |2 rdamedia | ||
| 338 | |a online resource |b cr |2 rdacarrier | ||
| 490 | 1 | |a Academic Press series in biomedical engineering | |
| 533 | |a Electronic reproduction. |b Amsterdam : |c Elsevier Science & Technology, |d 2007. |n Mode of access: World Wide Web. |n System requirements: Web browser. |n Title from title screen (viewed on Aug. 2, 2007). |n Access may be restricted to users at subscribing institutions. | ||
| 520 | |a Approaches such as the Transfer Function and the Fourier and the Laplace transforms are important tools for bioengineers that often considered borrowed from electrical engineering. This text allows bioengineering students and bioengineers the ability to foster a sense of ownership of these tools by providing them with a solid foundation in the concepts of linear systems analysis. Circuits, Signals and Systems for Bioengineers guides readers through the basic engineering concepts that underlie biological systems, medical devices, biocontrol, and biosignal analysis. Material important to their study and traditionally taught in an electrical engineering service course can now be embraced by bioengineers. To further enhance the effectiveness of the book, instructive illustrations and MATLAB routines and examples are provided throughout the book with additional material available on a CD-ROM. Translates important electrical engineering tools such as Fourier Transform, Laplace Transform, analog modeling, systems modeling, and other linear systems analysis techniques for bioengineering students. Includes MATLAB examples and problems. Includes CD-Rom with PowerPoint presentations, extra examples, figures, and support routines. | ||
| 505 | 0 | |a Introduction to Biological Systems and Biosignals; -- Basic Signal Processing; Frequency Transformations; Analog Analysis in Sinusoidal Steady State; Analysis of Analog Models and Processes; Transfer and Frequency Characteristics of Analog Models; Relationships in Analog Models; Analysis of Transient Conditions ~ The Laplace Transform; Systems Modeling and Behavior; Appendix A Complex Numbers; Appendix B Laplace Transforms; Appendix D Conversion Factors. | |
| 504 | |a Includes bibliographical references (page [437]) and index. | ||
| 505 | 0 | |a 1. Bioengineering signals and systems -- 2. Basic signal processing -- 3. Frequency transformations -- 4. Circuit and analog analysis in sinusoidal steady state -- 5. Analysis of analog models and processes -- 6. Frequency characteristics of circuits and analog processes: the transfer function -- 7. Relationships between analog elements -- 8. The analysis of transients: the Laplace transform -- 9. System models and behavior -- 10. Basic analog electronics: operational amplifiers. | |
| 520 | |a Accompanying CD-ROM contains ... "MATLAB-based solutions software." -- p. [1] of cover. | ||
| 500 | |a Electronic resource. | ||
| 650 | 1 | 2 | |a Biomedical Engineering. |
| 650 | 2 | 2 | |a Automatic Data Processing. |
| 650 | 0 | |a Biomedical engineering. | |
| 650 | 0 | |a Electronics. | |
| 655 | 7 | |a Electronic books. |2 local | |
| 730 | 0 | |a Referex. | |
| 776 | 1 | |c Original |z 0120884933 |z 9780120884933 |w (DLC) 2005276723 |w (OCoLC)61121024 | |
| 830 | 0 | |a Academic Press series in biomedical engineering. | |
| 856 | 4 | 0 | |u http://proxy.library.tamu.edu/login?url=https://www.sciencedirect.com/science/book/9780120884933 |z Connect to the full text of this electronic book |t 0 |
| 856 | 4 | 2 | |3 Publisher description |u http://www.loc.gov/catdir/enhancements/fy0626/2005276723-d.html |t 0 |
| 856 | 4 | 2 | |3 Table of contents |u http://www.loc.gov/catdir/enhancements/fy0626/2005276723-t.html |t 0 |
| 994 | |a C0 |b TEF | ||
| 999 | |a MARS | ||
| 999 | f | f | |s e0649166-4cfd-3a02-adce-5ebf6374165d |i 4e5df870-ee02-3324-915a-c434eea1e2b9 |t 0 |
| 952 | f | f | |a Texas A&M University |b College Station |c Electronic Resources |s www_evans |d Available Online |t 0 |e R856 .S453 2005eb |h Library of Congress classification |
| 998 | f | f | |a R856 .S453 2005eb |t 0 |l Available Online |